00471nam a22001577a 4500003001000000008004100010040001400051041000700065100003700072245006800109260002200177300001100199500007400210650001600284654001300300IT-MiCISF161220b xxu||||| |||| 00| 0 eng d cIT-MiCISF ait aIstituto Nazionale di Statistica aNatalità e fecondità della popolazione residentebAnno 2015 aRomabIstatc2016 app. 21 apopolazione, natalità, fecondità, denatalità, famiglia-migranti apopolazione aindagine